[Event "FRA-chT Top 16 GpB"]
[Site "Chartres"]
[Date "2023.06.05"]
[Round "5.4"]
[White "Mariette, Lucas"]
[Black "Dionisi, Thomas"]
[Result "1-0"]
[WhiteElo "2287"]
[BlackElo "2393"]
[PlyCount "189"]
[EventDate "2023.06.01"]
[EventType "team-tourn"]
[EventRounds "7"]
[EventCountry "FRA"]
[SourceTitle "CBM 214 Extra"]
[Source "ChessBase"]
[SourceDate "2023.07.31"]
[SourceVersion "1"]
[SourceVersionDate "2023.07.31"]
[SourceQuality "1"]
[WhiteTeam "Poitiers Migne"]
[BlackTeam "St Quentin"]
[WhiteTeamCountry "FRA"]
[BlackTeamCountry "FRA"]

1. e4 e5 2. Nf3 Nc6 3. Bb5 a6 4. Ba4 d6 5. c3 f5 6. exf5 Bxf5 7. 0-0 Bd3 8. Re1 Be7 9. Bc2 Bxc2 10. Qxc2 Nf6 11. d4 e4 12. Ng5 d5 13. f3 h6 14. Nh3 0-0 15. Nd2 exf3 16. Nxf3 Qd7 17. Qg6 Qg4 18. Qxg4 Nxg4 19. Nf4 Rfd8 20. Ne6 Rd7 21. Bf4 Rc8 22. Re2 Nf6 23. Ne5 Nxe5 24. Bxe5 Kf7 25. Rf1 c6 26. g4 Kg8 27. Kh1 Ne8 28. h4 Bd6 29. g5 hxg5 30. hxg5 Rf7 31. Ref2 Rxf2 32. Rxf2 Nc7 33. Bxd6 Nxe6 34. g6 Rd8 35. Be7 Re8 36. Rf7 Nf4 37. Bd6 Nxg6 38. Rxb7 Re6 39. Bg3 Kh7 40. Kg2 Kh6 41. Kf3 Ne7 42. Ra7 Kh5 43. Rxa6 g5 44. Ra8 Rf6+ 45. Kg2 Kg4 46. Re8 Nf5 47. Bf2 Kf4 48. Re2 Rf7 49. a4 Ra7 50. b3 g4 51. Re6 g3 52. Bg1 Rh7 53. a5 Nh4+ 54. Kf1 Nf5 55. Rf6 Re7 56. a6 Kg4 57. b4 Kf4 58. Rxc6 Kf3 59. Rg6 Re2 60. a7 Ra2 61. Ke1 Rxa7 62. Kd2 Ra1 63. Rf6 Kg4 64. Be3 g2 65. Bf2 Ra2+ 66. Ke1 Ra1+ 67. Kd2 Ra2+ 68. Ke1 Rb2 69. Rf8 Kf4 70. Bg1 Ke4 71. Rf7 Rb1+ 72. Kf2 Rf1+ 73. Kxg2 Ne3+ 74. Bxe3 Rxf7 75. Bf2 Kd3 76. Be1 Rf8 77. Kg1 Rf3 78. Kg2 Rf8 79. Kg1 Re8 80. Kf1 Re6 81. Kf2 Rf6+ 82. Kg2 Rh6 83. Kg1 Ke2 84. Bg3 Rg6 85. Kh2 Kd2 86. b5 Rb6 87. Kg2 Rxb5 88. Kf3 Kxc3 89. Be5 Kc4 90. Ke3 Kc3 91. Ke2 Rb1 92. Bf6 Rb2+ 93. Ke3 Rh2 94. Be5 Kc2 95. Bxh2 1-0

[Event "Saint Affrique op 28th"]
[Site "Saint Affrique"]
[Date "2022.07.27"]
[Round "6"]
[White "Vallee, Louis"]
[Black "Mariette, Lucas"]
[Result "0-1"]
[WhiteElo "2045"]
[BlackElo "2295"]
[PlyCount "176"]
[EventDate "2022.07.23"]
[EventType "swiss"]
[EventRounds "9"]
[EventCountry "FRA"]
[SourceTitle "EXT 2023"]
[Source "ChessBase"]
[SourceDate "2022.10.05"]
[SourceVersion "1"]
[SourceVersionDate "2022.10.05"]
[SourceQuality "1"]

1. d4 d5 2. c4 e6 3. Nc3 Be7 4. cxd5 exd5 5. Nf3 Nf6 6. Bg5 c6 7. Qc2 g6 8. e3 Bf5 9. Bd3 Bxd3 10. Qxd3 0-0 11. 0-0 Re8 12. Ne5 Nfd7 13. Bxe7 Qxe7 14. Nxd7 Nxd7 15. Rae1 f5 16. Rb1 a5 17. Rfc1 Nb6 18. b3 Qa3 19. Re1 Re7 20. f3 Rae8 21. Re2 Kg7 22. Rbe1 a4 23. Nb1 Qb4 24. Qc3 Qxc3 25. Nxc3 axb3 26. axb3 Ra8 27. Kf2 Ra3 28. Rb2 Rd7 29. Nb1 Ra8 30. Nc3 Rdd8 31. Na4 Nd7 32. e4 fxe4 33. fxe4 Rf8+ 34. Kg3 Nf6 35. Nc5 Rae8 36. e5 Nh5+ 37. Kh3 Nf4+ 38. Kg3 Re7 39. Rd2 b6 40. Nd3 Ne6 41. Nb4 Rc7 42. Rc1 Rfc8 43. Kf3 Kf7 44. Ke3 c5 45. Rf1+ Kg7 46. Nxd5 cxd4+ 47. Rxd4 Nxd4 48. Nxc7 Nf5+ 49. Rxf5 gxf5 50. Ne6+ Kg6 51. Nf4+ Kf7 52. Nd5 Ke6 53. Nxb6 Rb8 54. Nc4 Rxb3+ 55. Kd4 Rb1 56. Ke3 Rb3+ 57. Kd4 Rb4 58. g3 Ra4 59. Kd3 Ra2 60. Nd2 Kxe5 61. Nf3+ Kf6 62. Ke3 Ra3+ 63. Kf4 Ra4+ 64. Ke3 Ra3+ 65. Kf4 Ra4+ 66. Ke3 Re4+ 67. Kf2 h6 68. Nd2 Ra4 69. Nf3 Ra3 70. Ke2 Ke6 71. Kf2 Kd5 72. Nd2 Kd4 73. Nf3+ Kd3 74. Nh4 Ke4 75. Kg2 Ra2+ 76. Kh3 f4 77. gxf4 Kxf4 78. Ng6+ Kg5 79. Ne5 Ra3+ 80. Kg2 Kf4 81. Ng6+ Kg5 82. Ne5 Re3 83. Nc4 Re4 84. Nd6 Rd4 85. Nf7+ Kf6 86. Nxh6 Rh4 87. Ng8+ Kf7 88. Kg3 Rh8 0-1

[Event "Mont de Marsan op 18th"]
[Site "Mont de Marsan"]
[Date "2021.12.29"]
[Round "7"]
[White "Velten, Paul"]
[Black "Mariette, Lucas"]
[Result "1-0"]
[WhiteElo "2476"]
[BlackElo "2279"]
[PlyCount "77"]
[EventDate "2021.12.26"]
[EventType "swiss"]
[EventRounds "9"]
[EventCountry "FRA"]
[SourceTitle "EXT 2023"]
[Source "ChessBase"]
[SourceDate "2022.10.05"]
[SourceVersion "1"]
[SourceVersionDate "2022.10.05"]
[SourceQuality "1"]

1. d4 Nf6 2. Nf3 g6 3. c4 Bg7 4. e3 0-0 5. Be2 c5 6. d5 b5 7. cxb5 a6 8. 0-0 axb5 9. Bxb5 Ba6 10. Bxa6 Nxa6 11. Nc3 d6 12. e4 Qb6 13. a4 Rfb8 14. Ra3 Nd7 15. Nd2 Ne5 16. Nb5 Nb4 17. b3 Ned3 18. Nc4 Qd8 19. Bd2 Qd7 20. Bc3 f5 21. Qe2 Nf4 22. Qf3 g5 23. Bxg7 Kxg7 24. e5 dxe5 25. d6 e4 26. Qc3+ Kg8 27. Kh1 Nbd3 28. Raa1 Ne2 29. Qd2 Rxb5 30. Ne5 Qe6 31. Qxg5+ Kh8 32. Nxd3 Rg8 33. Qxe7 Qg6 34. g3 Qh5 35. Ne5 Rbb8 36. Nf7+ Kg7 37. Nd8+ Kh8 38. Qf6+ Rg7 39. Qf8+ 1-0

[Event "Rochefort op-A 19th"]
[Site "Rochefort"]
[Date "2020.02.22"]
[Round "7"]
[White "Bogdanov, Egor"]
[Black "Mariette, Lucas"]
[Result "1/2-1/2"]
[WhiteElo "2433"]
[BlackElo "2285"]
[PlyCount "91"]
[EventDate "2020.02.22"]
[EventType "swiss"]
[EventRounds "9"]
[EventCountry "FRA"]
[SourceTitle "CBM 195 Extra"]
[Source "ChessBase"]
[SourceDate "2020.05.31"]
[SourceVersion "1"]
[SourceVersionDate "2020.05.31"]
[SourceQuality "1"]

1. Nf3 Nf6 2. c4 g6 3. Nc3 d5 4. cxd5 Nxd5 5. Qb3 Nb6 6. d4 Bg7 7. e4 Bg4 8. Bb5+ c6 9. Ng5 0-0 10. Be2 Bxe2 11. Nxe2 h6 12. Nf3 N8d7 13. 0-0 Kh7 14. a4 a5 15. Be3 e6 16. Rfd1 Ra6 17. Ne5 Qc7 18. Nxd7 Nxd7 19. Rac1 Rd8 20. d5 exd5 21. exd5 Nf6 22. d6 Qd7 23. Nf4 Ne4 24. f3 Ng5 25. Bb6 Re8 26. h4 Ne6 27. Nxe6 Rxe6 28. Bc7 b6 29. Re1 Be5 30. Rcd1 Ra8 31. f4 Bd4+ 32. Kh2 Rxe1 33. Rxe1 Re8 34. Rxe8 Qxe8 35. Bxb6 Bxb6 36. Qxb6 Qe1 37. Qd8 g5 38. Qe7 Qxh4+ 39. Kg1 Qxf4 40. d7 Qd4+ 41. Kf1 Qd1+ 42. Kf2 Qd2+ 43. Kf3 Qd3+ 44. Kf2 Qd2+ 45. Kf1 Qd1+ 46. Kf2 1/2-1/2

[Event "Poitiers Futuroscope Rapid"]
[Site "Poitiers"]
[Date "2019.12.01"]
[Round "5.4"]
[White "Demuth, Adrien"]
[Black "Mariette, Lucas"]
[Result "1-0"]
[WhiteElo "2502"]
[BlackElo "2290"]
[PlyCount "115"]
[EventDate "2019.12.01"]
[EventType "swiss (rapid)"]
[EventRounds "7"]
[EventCountry "FRA"]
[SourceTitle "EXT 2021"]
[Source "ChessBase"]
[SourceDate "2020.10.23"]
[SourceVersion "1"]
[SourceVersionDate "2020.10.23"]
[SourceQuality "1"]

1. Nf3 Nf6 2. g3 g6 3. b3 Bg7 4. Bb2 0-0 5. Bg2 d5 6. c4 c5 7. cxd5 Nxd5 8. Bxg7 Kxg7 9. 0-0 Nc6 10. d4 cxd4 11. Nxd4 Nxd4 12. Qxd4+ Nf6 13. Qe5 Qb6 14. Nc3 Be6 15. Na4 Qb4 16. Nc5 Bd5 17. Qxe7 Qg4 18. Bxd5 Nxd5 19. Qe5+ Nf6 20. f3 Qc8 21. Ne4 Qc6 22. Qxf6+ Qxf6 23. Nxf6 Kxf6 24. Kf2 Rac8 25. Rfc1 Rfd8 26. Ke1 Ke5 27. Rxc8 Rxc8 28. Rd1 Rc2 29. Rd2 Rc1+ 30. Kf2 Rc7 31. Ke3 Rc3+ 32. Rd3 Rc2 33. Rd2 Rc3+ 34. Kf2 Rc7 35. g4 g5 36. Kg3 Ke6 37. h4 h6 38. h5 Rc1 39. Kf2 Rc7 40. Ke3 Ke5 41. Rd8 Kf6 42. Kd3 a6 43. Rd6+ Kg7 44. Rb6 Rd7+ 45. Ke3 Re7+ 46. Kf2 Rc7 47. a4 Kh7 48. a5 Kg7 49. b4 Kh7 50. Ke3 Kg7 51. Kd4 Rd7+ 52. Kc5 Re7 53. e4 f6 54. Rd6 Kf7 55. Kb6 Kg7 56. Rd8 Re5 57. Rd7+ Kf8 58. Rxb7 1-0

[Event "Poitiers Futuroscope Rapid"]
[Site "Poitiers"]
[Date "2019.12.01"]
[Round "4.4"]
[White "Mariette, Lucas"]
[Black "Saada, Julien"]
[Result "1/2-1/2"]
[WhiteElo "2290"]
[BlackElo "2256"]
[PlyCount "44"]
[EventDate "2019.12.01"]
[EventType "swiss (rapid)"]
[EventRounds "7"]
[EventCountry "FRA"]
[SourceTitle "EXT 2021"]
[Source "ChessBase"]
[SourceDate "2020.10.23"]
[SourceVersion "1"]
[SourceVersionDate "2020.10.23"]
[SourceQuality "1"]

1. e4 c6 2. d4 d5 3. Nc3 dxe4 4. Nxe4 Bf5 5. Ng3 Bg6 6. h4 h6 7. Nf3 Nd7 8. h5 Bh7 9. Bd3 Bxd3 10. Qxd3 Ngf6 11. Bd2 e6 12. 0-0-0 Be7 13. Kb1 0-0 14. Ne4 Nxe4 15. Qxe4 Nf6 16. Qe2 Qd5 17. Be3 Ng4 18. Bc1 Rfd8 19. Ne5 Nxe5 20. dxe5 Qb5 21. Qxb5 cxb5 22. Be3 b6 1/2-1/2

[Event "Sautron op 19th"]
[Site "Sautron"]
[Date "2019.10.22"]
[Round "8.3"]
[White "Mariette, Lucas"]
[Black "Gascon del Nogal, Jose Rafael"]
[Result "0-1"]
[WhiteElo "2311"]
[BlackElo "2481"]
[PlyCount "84"]
[EventDate "2019.12.10"]
[EventType "swiss"]
[EventRounds "9"]
[EventCountry "FRA"]
[SourceTitle "EXT 2022"]
[Source "ChessBase"]
[SourceDate "2021.10.06"]
[SourceVersion "1"]
[SourceVersionDate "2021.10.06"]
[SourceQuality "1"]

1. e4 e5 2. Nf3 Nc6 3. Bb5 a6 4. Ba4 d6 5. 0-0 Bg4 6. c3 Qf6 7. d3 Nge7 8. Nbd2 g5 9. Re1 Rg8 10. h3 Bd7 11. Nh2 Ng6 12. Ndf3 Nf4 13. Bxf4 gxf4 14. Kh1 Qg7 15. Rg1 0-0-0 16. b4 f5 17. Bb3 Rh8 18. a4 Ne7 19. b5 a5 20. b6 cxb6 21. Bd5 fxe4 22. dxe4 Nxd5 23. exd5 Bf5 24. Nh4 Bd7 25. N4f3 Be8 26. Qb3 Qc7 27. Ng5 Bd7 28. Nf7 Be7 29. Rge1 Bf5 30. Nf3 Rhg8 31. Nxd8 Bxd8 32. Nd2 Qg7 33. Qc4+ Kb8 34. Rg1 Qh6 35. Qf1 e4 36. Nb3 Rg5 37. Nd4 Bd7 38. Re1 f3 39. Ne6 Rxd5 40. Nxd8 Rh5 41. Kh2 fxg2 42. Qe2 Rxh3+ 0-1

[Event "Sautron op 19th"]
[Site "Sautron"]
[Date "2019.10.20"]
[Round "4.4"]
[White "Mariette, Lucas"]
[Black "Lamaze, Simon"]
[Result "0-1"]
[WhiteElo "2311"]
[BlackElo "2121"]
[PlyCount "72"]
[EventDate "2019.12.10"]
[EventType "swiss"]
[EventRounds "9"]
[EventCountry "FRA"]
[SourceTitle "EXT 2022"]
[Source "ChessBase"]
[SourceDate "2021.10.06"]
[SourceVersion "1"]
[SourceVersionDate "2021.10.06"]
[SourceQuality "1"]

1. e4 c5 2. Nf3 Nc6 3. d4 cxd4 4. Nxd4 Nf6 5. Nc3 d6 6. Bg5 e6 7. f3 a6 8. Qd2 Bd7 9. 0-0-0 b5 10. Nxc6 Bxc6 11. Ne2 Be7 12. Nd4 Bb7 13. h4 Qc7 14. Kb1 h6 15. Be3 d5 16. e5 Nd7 17. f4 Nc5 18. Bd3 Ne4 19. Bxe4 dxe4 20. f5 Bd5 21. fxe6 fxe6 22. Bf4 0-0 23. Rh3 Rac8 24. Rg3 Kh7 25. h5 Bc5 26. Bxh6 Rf7 27. Be3 Rcf8 28. h6 g6 29. Ne2 Bxe3 30. Qxe3 Rf1 31. Rxf1 Rxf1+ 32. Nc1 Qxe5 33. Qa7+ Kxh6 34. Rh3+ Kg5 35. g3 e3 36. Qe7+ Qf6 0-1

[Event "Sables d'Olonne op 6th"]
[Site "Sables d'Olonne"]
[Date "2019.07.17"]
[Round "6"]
[White "Eugene, Floryan"]
[Black "Mariette, Lucas"]
[Result "1-0"]
[WhiteElo "2300"]
[BlackElo "2244"]
[PlyCount "99"]
[EventDate "2019.07.13"]
[EventType "swiss"]
[EventRounds "9"]
[EventCountry "FRA"]
[SourceTitle "EXT 2020"]
[Source "ChessBase"]
[SourceDate "2019.10.17"]
[SourceVersion "1"]
[SourceVersionDate "2019.10.17"]
[SourceQuality "1"]

1. e4 e5 2. Nf3 Nc6 3. Bc4 Bc5 4. 0-0 Nf6 5. d3 a6 6. a4 0-0 7. Bg5 h6 8. Bh4 g5 9. Bg3 d6 10. c3 Bg4 11. h3 Bh5 12. Nbd2 Ba7 13. b4 Kg7 14. b5 axb5 15. axb5 Ne7 16. d4 Ng6 17. Be2 Bxf3 18. Bxf3 Qd7 19. Qb3 h5 20. Ra4 g4 21. hxg4 hxg4 22. Be2 Bb6 23. Rfa1 Rxa4 24. Rxa4 exd4 25. cxd4 d5 26. Be5 Nxe5 27. dxe5 Nxe4 28. Nxe4 dxe4 29. Rxe4 Bxf2+ 30. Kxf2 Qf5+ 31. Ke3 Rd8 32. Rxg4+ Kh6 33. Qc3 Rd5 34. Qc1 Rd3+ 35. Bxd3 Qxg4 36. Qf1 Kg7 37. Qf6+ Kg8 38. Qf3 Qg5+ 39. Kd4 b6 40. g3 Qd2 41. Qf4 Qb2+ 42. Ke3 Qc3 43. Ke2 Qb2+ 44. Kf1 Qa1+ 45. Kg2 Qa8+ 46. Kh2 Qa2+ 47. Kh3 Qd5 48. Bc4 Qh1+ 49. Kg4 Qd1+ 50. Kh4 1-0

[Event "Sables d'Olonne op 6th"]
[Site "Sables d'Olonne"]
[Date "2019.07.15"]
[Round "4"]
[White "Vidal, Llewellyn"]
[Black "Mariette, Lucas"]
[Result "1/2-1/2"]
[WhiteElo "2336"]
[BlackElo "2244"]
[PlyCount "94"]
[EventDate "2019.07.13"]
[EventType "swiss"]
[EventRounds "9"]
[EventCountry "FRA"]
[SourceTitle "EXT 2020"]
[Source "ChessBase"]
[SourceDate "2019.10.17"]
[SourceVersion "1"]
[SourceVersionDate "2019.10.17"]
[SourceQuality "1"]

1. c4 e5 2. Nc3 Nf6 3. Nf3 Nc6 4. e4 Bb4 5. d3 0-0 6. a3 Bxc3+ 7. bxc3 d6 8. g3 Ne7 9. Bg2 c6 10. 0-0 Qc7 11. Bg5 Ne8 12. Nh4 Be6 13. Bxe7 Qxe7 14. Nf5 Bxf5 15. exf5 Rd8 16. Qa4 a6 17. Qa5 Nf6 18. Rab1 d5 19. cxd5 cxd5 20. Rfe1 Rfe8 21. Qb4 Qxb4 22. Rxb4 Rd7 23. h3 Rc7 24. c4 dxc4 25. dxc4 e4 26. g4 h6 27. Reb1 Ree7 28. Kh2 a5 29. Ra4 Rc5 30. Rb5 Rec7 31. Raxa5 Rxc4 32. Ra8+ Kh7 33. Ra7 Rc2 34. Rbxb7 Rxb7 35. Rxb7 Rxf2 36. Rxf7 Ra2 37. Re7 Rxa3 38. Re6 Re3 39. Kg1 Kg8 40. Kf2 Ra3 41. Bf1 Kf8 42. Bg2 Kf7 43. Bf1 Kf8 44. Kg2 Nd5 45. Rxe4 Ne3+ 46. Kf2 Nxf1 47. Kxf1 Rxh3 1/2-1/2

[Event "Sables d'Olonne op 6th"]
[Site "Sables d'Olonne"]
[Date "2019.07.14"]
[Round "2"]
[White "Duboue, Peio"]
[Black "Mariette, Lucas"]
[Result "1/2-1/2"]
[WhiteElo "2409"]
[BlackElo "2244"]
[PlyCount "108"]
[EventDate "2019.07.13"]
[EventType "swiss"]
[EventRounds "9"]
[EventCountry "FRA"]
[SourceTitle "EXT 2020"]
[Source "ChessBase"]
[SourceDate "2019.10.17"]
[SourceVersion "1"]
[SourceVersionDate "2019.10.17"]
[SourceQuality "1"]

1. e4 e5 2. Nf3 Nc6 3. Bc4 Bc5 4. c3 Nf6 5. d4 exd4 6. e5 d5 7. Bb5 Ne4 8. cxd4 Bb4+ 9. Bd2 Nxd2 10. Nbxd2 0-0 11. Bxc6 bxc6 12. 0-0 f6 13. Qa4 Bxd2 14. Nxd2 fxe5 15. dxe5 Qe8 16. f4 c5 17. Qa5 Qc6 18. Nb3 Rb8 19. Qxa7 Rb5 20. Rac1 Qb6 21. Qxb6 cxb6 22. Rc2 Rb4 23. g3 g5 24. Rd2 Ba6 25. Re1 gxf4 26. e6 fxg3 27. e7 gxh2+ 28. Kxh2 Re8 29. Rxd5 Rh4+ 30. Kg3 Rh6 31. Nd2 Rg6+ 32. Kf4 Rf6+ 33. Kg5 Kf7 34. Rde5 Rf2 35. Rf5+ Rxf5+ 36. Kxf5 Bd3+ 37. Kf4 Rxe7 38. Rg1 Re2 39. Nf3 Kf6 40. Rd1 c4 41. b3 b5 42. Ne1 Re4+ 43. Kf3 Rd4 44. Nxd3 Rxd3+ 45. Rxd3 cxd3 46. a4 h5 47. a5 h4 48. a6 h3 49. a7 h2 50. Kg2 d2 51. a8Q h1Q+ 52. Kxh1 d1Q+ 53. Kg2 Qxb3 54. Qf3+ Qxf3+ 1/2-1/2

[Event "FRA-ch U16"]
[Site "Hyeres"]
[Date "2019.04.21"]
[Round "9"]
[White "Christien, Vincent"]
[Black "Mariette, Lucas"]
[Result "0-1"]
[WhiteElo "2183"]
[BlackElo "2221"]
[PlyCount "104"]
[EventDate "2019.04.14"]
[EventType "swiss"]
[EventRounds "9"]
[EventCountry "FRA"]
[SourceTitle "CBM 190 Extra"]
[Source "ChessBase"]
[SourceDate "2019.07.15"]
[SourceVersion "1"]
[SourceVersionDate "2019.07.15"]
[SourceQuality "1"]

1. e4 e5 2. Nf3 Nc6 3. Bb5 f5 4. d3 fxe4 5. dxe4 Nf6 6. 0-0 Bc5 7. Qd3 Nd4 8. Nxd4 Bxd4 9. Nd2 a6 10. Ba4 Qe7 11. Nf3 Bb6 12. Bg5 0-0 13. Bb3+ Kh8 14. Nh4 d6 15. Kh1 Bd7 16. Qg3 Qe8 17. Bxf6 Rxf6 18. f4 exf4 19. Rxf4 Bd4 20. Raf1 Be5 21. Ng6+ Rxg6 22. Qxg6 Bxf4 23. Qxe8+ Rxe8 24. Rxf4 g5 25. Rf7 Rxe4 26. Kg1 Bc6 27. Rxc7 Re2 28. Kf1 Rd2 29. Rc8+ Kg7 30. Rg8+ Kh6 31. Rf8 Rxg2 32. Rf6+ Kg7 33. Rxd6 Rxh2 34. Kg1 Rg2+ 35. Kf1 Rh2 36. Kg1 Rh1+ 37. Kf2 h5 38. Kg3 Rg1+ 39. Kh2 Rb1 40. Kg3 Rg1+ 41. Kh2 Rg2+ 42. Kh3 Rf2 43. Kg3 Rf3+ 44. Kh2 g4 45. Bd5 Bxd5 46. Rxd5 Kg6 47. Kg2 h4 48. Rd8 h3+ 49. Kg1 Kg5 50. Rd7 Kf4 51. Rxb7 Kg3 52. Rh7 Rf2 0-1

[Event "Rochefort op 18th Op A"]
[Site "Rochefort"]
[Date "2019.02.16"]
[Round "2.12"]
[White "Gao, Etienne"]
[Black "Mariette, Lucas"]
[Result "0-1"]
[WhiteElo "2306"]
[BlackElo "2185"]
[PlyCount "102"]
[EventDate "2019.02.16"]
[EventType "swiss"]
[EventRounds "9"]
[EventCountry "FRA"]
[SourceTitle "CBM 189 Extra"]
[Source "ChessBase"]
[SourceDate "2019.05.31"]
[SourceVersion "1"]
[SourceVersionDate "2019.05.31"]
[SourceQuality "1"]

1. e4 e5 2. Nf3 Nc6 3. Bb5 f5 4. exf5 e4 5. Qe2 Qe7 6. Bxc6 dxc6 7. Nd4 Qe5 8. Ne6 Bxe6 9. fxe6 Nf6 10. d3 Bd6 11. dxe4 Qxe4 12. Qxe4 Nxe4 13. 0-0 0-0-0 14. Re1 Bb4 15. Rf1 Nxf2 16. Nc3 Ng4 17. h3 Ne5 18. Re1 Nc4 19. Bg5 Rde8 20. Re4 Bxc3 21. bxc3 Nd6 22. Re2 Rhf8 23. Rae1 h6 24. Bh4 c5 25. g4 g5 26. Bg3 Rf6 27. Kg2 Kd8 28. h4 b6 29. Re5 Rg8 30. hxg5 hxg5 31. Rh1 Rfg6 32. Rh7 R8g7 33. Rxg7 Rxg7 34. Kf3 Ke7 35. Rxg5 Rxg5 36. Bh4 Kxe6 37. Bxg5 Nc4 38. Bf4 c6 39. Ke4 Na3 40. Bb8 a6 41. g5 b5 42. Ba7 c4 43. Ke3 Kf5 44. Bc5 Nb1 45. Kd4 Kxg5 46. Bb4 Kf4 47. a4 bxa4 48. Kxc4 Ke4 49. Be7 a5 50. Bg5 Na3+ 51. Kc5 Nxc2 0-1

[Event "Rochefort op 18th Op A"]
[Site "Rochefort"]
[Date "2019.02.16"]
[Round "4.12"]
[White "Prie, Eric"]
[Black "Mariette, Lucas"]
[Result "1-0"]
[WhiteElo "2456"]
[BlackElo "2185"]
[PlyCount "75"]
[EventDate "2019.02.16"]
[EventType "swiss"]
[EventRounds "9"]
[EventCountry "FRA"]
[SourceTitle "CBM 189 Extra"]
[Source "ChessBase"]
[SourceDate "2019.05.31"]
[SourceVersion "1"]
[SourceVersionDate "2019.05.31"]
[SourceQuality "1"]

1. d4 Nf6 2. Bf4 g6 3. Nc3 d5 4. e3 Bg7 5. h4 c6 6. Qd2 b6 7. 0-0-0 Ba6 8. Nf3 Ne4 9. Nxe4 dxe4 10. Ng5 Qd5 11. Kb1 Bxf1 12. Rhxf1 h6 13. c4 Qf5 14. g4 Qxg4 15. Nxe4 Qf5 16. f3 Nd7 17. Ka1 Rd8 18. Ng3 Qf6 19. h5 g5 20. Ne4 Qf5 21. Bc7 Rc8 22. Bh2 0-0 23. Qg2 Nf6 24. Nxf6+ Qxf6 25. f4 Qe6 26. fxg5 Kh8 27. gxh6 Qxh6 28. Bf4 Qe6 29. h6 Bf6 30. h7 Bg7 31. Rh1 Qg6 32. Qh2 f6 33. Rdg1 Qe8 34. Bh6 Rf7 35. Bxg7+ Rxg7 36. Rxg7 Kxg7 37. h8Q+ Qxh8 38. Qg2+ 1-0

[Event "Rochefort op-A17th"]
[Site "Rochefort"]
[Date "2018.02.17"]
[Round "1.5"]
[White "Mariette, Lucas"]
[Black "Ikonnikov, Vyacheslav"]
[Result "0-1"]
[WhiteElo "2094"]
[BlackElo "2532"]
[PlyCount "64"]
[EventDate "2018.02.17"]
[EventType "swiss"]
[EventRounds "9"]
[EventCountry "FRA"]
[SourceTitle "EXT 2019"]
[Source "ChessBase"]
[SourceDate "2018.10.10"]
[SourceVersion "1"]
[SourceVersionDate "2018.10.10"]
[SourceQuality "1"]

1. e4 c5 2. Nf3 a6 3. c3 e6 4. d4 d5 5. e5 Nc6 6. Bd3 Qb6 7. 0-0 Bd7 8. Bc2 cxd4 9. cxd4 Nb4 10. Nc3 Nxc2 11. Qxc2 Ne7 12. Be3 Nf5 13. Rac1 Rc8 14. Qd2 Nxe3 15. fxe3 Be7 16. Rc2 0-0 17. Rfc1 Qa5 18. Qd3 Rc6 19. e4 dxe4 20. Nxe4 Rxc2 21. Rxc2 Bb5 22. Qd2 Qxa2 23. Rc7 Qb1+ 24. Qe1 Qxe1+ 25. Nxe1 Bd8 26. Rc1 Bb6 27. Nf3 Bc6 28. Nc5 Rd8 29. Kf1 g5 30. h3 h5 31. Nxg5 Rxd4 32. Nf3 Rb4 0-1